Central Library OPAC University of Rajshahi

Survey of International Affairs, 1928 / (Record no. 62108)

MARC details
000 -LEADER
fixed length control field 01107nam a2200313 a 4500
001 - CONTROL NUMBER
control field 62108
003 - CONTROL NUMBER IDENTIFIER
rucl marc code BD-RjUL
005 - DATE AND TIME OF LATEST TRANSACTION
control field 20211209081038.0
008 - FIXED-LENGTH DATA ELEMENTS--GENERAL INFORMATION
fixed length control field 880808s1929 enk 000 0 eng
035 ## - SYSTEM CONTROL NUMBER
System control number (BD-RjUL)62233
040 ## - CATALOGING SOURCE
Original cataloging agency IFA
Transcribing agency IFA
Modifying agency EUX
-- BD-RjUL
Language of cataloging eng
041 ## - LANGUAGE CODE
Language code of text/sound track or separate title eng
082 ## - DEWEY DECIMAL CLASSIFICATION NUMBER
Edition number 23
Classification number 327
Author mark and year ROS 1929
110 1# - MAIN ENTRY--CORPORATE NAME
Corporate name or jurisdiction name as entry element Royal Institute of International Affairs.
9 (RLIN) 233603
245 10 - TITLE STATEMENT
Title Survey of International Affairs, 1928 /
Statement of responsibility, etc. Royal Institute of International Affairs ; by Arnold J. Toynbee ; Assisted V. M. Boulter
260 ## - PUBLICATION, DISTRIBUTION, ETC. (IMPRINT)
Place of publication, distribution, etc. London :
Name of publisher, distributor, etc. Oxford University Press,
Date of publication, distribution, etc. 1929
300 ## - PHYSICAL DESCRIPTION
Pagination xi, 506 p. :
Illustrations Ill. ;
Size 24 cm
500 ## - GENERAL NOTE
General note "Issued under the auspices of the Royal Institute of International Affairs"
General note Includes index
650 #0 - SUBJECT ADDED ENTRY--TOPICAL TERM
Topical term or geographic name as entry element World politics
9 (RLIN) 233604
Topical term or geographic name as entry element History, Modern
9 (RLIN) 233607
Topical term or geographic name as entry element nternational relations
9 (RLIN) 233608
Topical term or geographic name as entry element World War (1914-1918)
9 (RLIN) 233609
Topical term or geographic name as entry element Europe
9 (RLIN) 233610
Topical term or geographic name as entry element League of Nations
9 (RLIN) 233611
700 ## - ADDED ENTRY--PERSONAL NAME
Personal name Toynbee, Arnold J.
Personal name Boulter, V. M., jt. auth.
942 ## - ADDED ENTRY ELEMENTS (KOHA)
Source of classification or shelving scheme Dewey Decimal Classification
Koha item type Rare Books
Holdings
Lost status Source of classification or shelving scheme Damaged status Not for loan Collection code Permanent Location Current Location Shelving location Date acquired Source of acquisition Cost, normal purchase price Total Checkouts Full call number Date last seen Copy number Koha item type
  Dewey Decimal Classification   Not For Loan Rare Books Central Library, University of Rajshahi Central Library, University of Rajshahi Rare Book Section 20/09/1955 B. H. Blackwell 30.00   RA 327 ROS 1929 10/10/2019 C-1 Rare Books